00537cam a22001457a 4500008004000000082001800040100002200058245007200080260006100152300001000213440004100223650001800264999001900282952009000301180718b1975 xxu||||| |||| 00| 0 eng d aT42x6762 F874 aFrediani, Lorenzo aThe liquidity policy of deposit banks in Kenyacby Lorenzo Frediani aMilanbCassa Di Risparmio Delle Provincie Lombardec1975 a277p. aThe credit markets of Africa: No. 12 aBanks - Kenya c476665d476665 00104070aIIPAbIIPAd2018-08-04oT42x6762 F874pGR9603r2018-08-04w2018-08-04yGR